000 00546nam a2200205Ii 4500
003 JO-AjNU
008 230606s9999||||xx |||||||||||||| ||und||
020 _a0-586-04446-9
040 _aJO-AjNU
_beng
_erda
_cJO-AjNU
041 _aeng
050 1 4 _aPR6045.O72.M77 1988
100 3 _aDalloway,
_eauthor
_95496
245 0 0 _aVirginia Woolf
250 _a1 ed
264 3 1 _aLondon: A Triad Grafion Books ,1988
300 _a172p
336 _atext
_btxt
_2rdacontent
337 _aunmediated
_bn
_2rdamedia
338 _avolume
_bnc
_2rdacarrier
999 _aE2841
_c2839
_d2839